000 00301nam a2200109Ia 4500
008 190216s9999||||xx |||||||||||||| ||und||
100 _aSathyanarayana M & Lalaitha Raman
245 0 _aBusiness Organisation And Management
260 _bHimalaya Publishing House
_c1960
300 _a428p
942 _cBK
999 _c4638
_d4638